000 00463nam a2200133Ia 4500
008 220204s9999 xx 000 0 und d
082 _a631.344:632.11
_bDEV
245 0 _aSoil solarization : Proceedings of the first International Conference on Soil solarization . Amman,Jordan,19-25 February 1990
260 _aRome
_bFAO
_c1991
490 _aFAO plant production and protection paper 109
650 _aPest management
700 _aDe VAY, James E
942 _cBK
999 _c40882
_d40882